Training needs analysis : (Record no. 70100)

000 -LEADER
fixed length control field 00999pam a2200265 a 4500
001 - CONTROL NUMBER
control field 3013580
003 - CONTROL NUMBER IDENTIFIER
control field NUST - PNEC
005 - DATE AND TIME OF LATEST TRANSACTION
control field 20170116181133.0
008 - FIXED-LENGTH DATA ELEMENTS--GENERAL INFORMATION
fixed length control field 940304s1994 enka 000 0 eng
010 ## - LIBRARY OF CONGRESS CONTROL NUMBER
LC control number 94009877
020 ## - INTERNATIONAL STANDARD BOOK NUMBER
International Standard Book Number 056607561X :
020 ## - INTERNATIONAL STANDARD BOOK NUMBER
International Standard Book Number 0566074370 (looseleaf) :
040 ## - CATALOGING SOURCE
Original cataloging agency DLC
Transcribing agency LIBRARY
Modifying agency DLC
050 00 - LIBRARY OF CONGRESS CALL NUMBER
Classification number HF5549.5.T7
Item number B292 1994
082 00 - DEWEY DECIMAL CLASSIFICATION NUMBER
Classification number 658.312404 BAR
100 1# - MAIN ENTRY--PERSONAL NAME
Personal name Bartram, Sharon.
245 10 - TITLE STATEMENT
Title Training needs analysis :
Remainder of title a resource for identifying training needs, selecting training strategies, and developing training plans /
Statement of responsibility, etc. Sharon Bartram and Brenda Gibson.
260 ## - PUBLICATION, DISTRIBUTION, ETC.
Place of publication, distribution, etc. Aldershot, Hampshire, England ;
-- Brookfield, Vt., USA :
Name of publisher, distributor, etc. Gower,
Date of publication, distribution, etc. c1994.
300 ## - PHYSICAL DESCRIPTION
Extent x, 166 p. :
Other physical details ill. ;
Dimensions 31 cm.
650 #0 - SUBJECT ADDED ENTRY--TOPICAL TERM
Topical term or geographic name entry element Employees
General subdivision General
700 1# - ADDED ENTRY--PERSONAL NAME
Personal name Gibson, Brenda.
906 ## - LOCAL DATA ELEMENT F, LDF (RLIN)
a 7
b cbc
c orignew
d 1
e ocip
f 19
g y-gencatlg
942 ## - ADDED ENTRY ELEMENTS (KOHA)
Source of classification or shelving scheme
Koha item type Book
Holdings
Withdrawn status Lost status Source of classification or shelving scheme Damaged status Not for loan Permanent Location Current Location Shelving location Date acquired Total Checkouts Full call number Barcode Date last seen Price effective from Koha item type
          Pakistan Navy Engineering College (PNEC) Pakistan Navy Engineering College (PNEC)       658.312404 BAR PNECLIB-018945 10/06/2015   Book
© 2023 Central Library, National University of Sciences and Technology. All Rights Reserved.